000 00363pab a2200145 454500
008 180718b2015 xxu||||| |||| 00| 0 eng d
100 _aJeelani, S.
245 _aDeemed to be universities: challenges and opportunities
260 _c2015
300 _ap.10-15.
362 _a13 Jul
650 _aUniversities
773 _aUniversity News
909 _a108547
999 _c108542
_d108542